00491nam a2200109Ia 4500008004100000100002600041245013900067260006300206300002000269650001700289856007500306160712s9999 xx 000 0 und d aTrang, Tran Thi Thu . cTran Thi Thu TrangaFood Security versus Food Sovereignty: Choice of Concept, Policies, and Classes in Vietnam’s Post-Reform Economy c2011bKasarinlan Philippine Journal of Third World Studies avol. 26 no. 1-2 xINDEPENDENCE uhttp://journals.upd.edu.ph/index.php/kasarinlan/issue/view/331/showToc